00636 2200181 4500001002100000005001500021035002500036008004100061245011400102110005800216260007400274300002500348082001800373084002400391650001300415600001400428990001200442INLIS00000000000006520220527111237 a0010-121900000000065220527 | ind 1 aAbstrak hasil penelitian pertanian komoditas kedelai /cPusat Perpustakaan dan Penyebaran Teknologi Pertanian2 aPUSAT PERPUSTAKAAN DAN PENYEBARAN TEKNOLOGI PERTANIAN aBogor :bPusat Perpustakaan dan Penyebaran Teknologi Pertanian,c2008 aii, 645 p. ;c28 cm. a633.34(084.3) a633.34(084.3) PUS a 4aSOYBEANS 4aABSTRACTS aaC00289